Capitales du Royaume-Uni, des USA, du Canada et d'Australie - Statistiques

Statistiques générales
  • Ce quiz a été pris 27 fois
  • Le résultat moyen est 47 sur 76
Statistiques - réponses
Hint Réponse % Correct
Ecosse Edimbourg
100%
Angleterre Londres
100%
Texas Austin
94%
Californie Sacramento
94%
District de Columbia Washington
94%
Territoire de la capitale australienne Canberra
88%
Quebec Québec
88%
Utah Salt Lake City
88%
Ontario Toronto
88%
Irlande du Nord Belfast
82%
Pays de Galles Cardiff
82%
Hawaï Honolulu
82%
Arizona Phoenix
82%
Nouvelle Galles du Sud Sydney
82%
Australlie-Méridionale Adelaïde
76%
Louisiane Bâton Rouge
76%
Oklahoma Oklahoma City
76%
Australie-Occidentale Perth
76%
New-York Albany
71%
Massachussets Boston
71%
Queensland Brisbane
71%
Colorado Denver
71%
Tasmanie Hobart
71%
Alaska Juneau
71%
Géorgie Atlanta
65%
Idaho Boise
65%
Territoire du Nord Darwin
65%
Indiana Indianapolis
65%
Victoria Melbourne
65%
Washington Olympia
65%
Nouveau-Mexique Santa Fe
65%
Illlinois Springfield
65%
Floride Tallahassee
65%
Wyoming Cheyenne
59%
Ohio Columbus
59%
Iowa Des Moines
59%
Montana Helena
59%
Mississippi Jackson
59%
Arkansas Little Rock
59%
Vermont Montpelier
59%
Tennessee Nashville
59%
Dakota du Sud Pierre
59%
Virginie Richmond
59%
Minnesota Saint Paul
59%
Oregon Salem
59%
Maine Augusta
53%
Dakota du Nord Bismarck
53%
Nevada Carson City
53%
Virginie Occidentale Charleston
53%
Caroline du Sud Columbia
53%
Delaware Dover
53%
Alberta Edmonton
53%
Pennsylvanie Harrisburg
53%
Missouri Jefferson City
53%
Nebraska Lincoln
53%
Wisconsin Madison
53%
Alabama Montgomery
53%
Rhode Island Providence
53%
Caroline du Nord Raleigh
53%
Nouvelle Ecosse Halifax
47%
Connecticut Hartford
47%
Michigan Lansing
47%
Kansas Topeka
47%
New-Jersey Trenton
47%
Yukon Whitehorse
47%
Territoires du Nord-Ouest Yellowknife
47%
Maryland Anapolis
41%
New-Hampshire Concord
41%
Kentucky Frankfort
41%
Colombie Britanique Victoria
41%
Manitoba Winnipeg
41%
Nunavut Iqaluit
35%
Saskatchewan Regina
35%
Ile du Prince Edward Charlottetown
29%
Nouveau Brunswick Fredericton
29%
Terre-Neuve-et-Labradore Saint-Jean-de-Terre-Neuve
29%
Aucun quiz correspondant
Distribution des résultats
% des personnes avec chaque résultat
Percentile par nombre de réponses
Votre historique - résultats
Vous n’avez pas pris ce quiz